|
|
|
|
| LEADER |
00000cam a2200000 4500 |
| 001 |
vtls012270027 |
| 003 |
SK-MaSNL |
| 005 |
20260301124552.0 |
| 008 |
250127s2024 xo f 001 0 slo |
| 015 |
|
|
|a SNBA2025/04
|
| 020 |
|
|
|a 9788097261351
|q (viazané)
|
| 040 |
|
|
|a SNK
|b slo
|c SNK
|e rda
|
| 041 |
1 |
|
|a slo
|h ger
|
| 044 |
|
|
|a xo
|c SK
|
| 072 |
|
7 |
|a 27-5
|x Liturgia. Kresťanské umenie a symbolika. Duchovný život
|2 konspekt
|
| 080 |
|
|
|a 27-565.2
|2 2011
|
| 080 |
|
|
|a 27-565.3
|2 2001
|
| 080 |
|
|
|a 272-1
|2 2011
|
| 080 |
|
|
|a (0:82-4)
|2 2011
|
| 100 |
1 |
|
|a Kasper, Walter,
|d 1933-
|4 aut
|9 114950
|
| 240 |
1 |
0 |
|a Bedenke dein Geheimnis. Meditationen zu Advent und Weihnachten
|l Slovensky
|
| 245 |
1 |
0 |
|a Uvedom si tajomstvo!
|b meditácie na Advent a Vianoce
|c Walter kardinál Kasper ; z nemeckého originálu Bedenke dein Geheimnis. Meditationen zu Advent und Weihnachten ... preložil Ján Krupa
|
| 246 |
3 |
0 |
|a Meditácie na Advent a Vianoce
|
| 250 |
|
|
|a Prvé vydanie
|
| 264 |
|
1 |
|a Banská Bystrica
|b PRE LUMEN, n.o.
|c 2024
|
| 300 |
|
|
|a 103 strán
|c 20 cm
|
| 336 |
|
|
|a text
|b txt
|2 rdacontent
|
| 337 |
|
|
|a bez média
|b n
|2 rdamedia
|
| 338 |
|
|
|a zväzok
|b nc
|2 rdacarrier
|
| 504 |
|
|
|a Obsahuje register biblických pasáží
|
| 650 |
0 |
7 |
|a advent
|2 SNKPH
|9 738
|
| 650 |
0 |
7 |
|a advent
|2 SNKPHeng
|9 738
|
| 650 |
0 |
7 |
|a Vianoce
|2 SNKPH
|9 3412
|
| 650 |
0 |
7 |
|a Christmas
|2 SNKPHeng
|9 304887
|
| 650 |
0 |
7 |
|a katolícka teológia
|2 SNKPH
|9 4021
|
| 650 |
0 |
7 |
|a Catholic theology
|2 SNKPHeng
|9 267536
|
| 655 |
|
7 |
|a úvahy
|2 SNKPH
|9 29403
|
| 655 |
|
7 |
|a Essays
|2 SNKPHeng
|9 267540
|
| 700 |
1 |
|
|a Krupa, Ján,
|d 1977-
|4 trl
|9 260303
|
| 852 |
|
|
|a Slovenská národná knižnica
|
| 919 |
|
|
|a 978-80-972613-5-1
|
| 954 |
|
|
|a duchovná literatúra cudzojazyčná (svetová)
|2 lita
|
| 958 |
|
|
|a NT
|
| 958 |
|
|
|a UP
|
| 968 |
|
|
|b DT
|
| 999 |
|
|
|c 739849
|d 741779
|
| 952 |
|
|
|a SNK
|b SNK
|y PREZ
|7 0
|p 17A1563821
|o snkSD 93042
|i snk2025/1157
|8 0
|0 0
|1 0
|4 0
|d 2025-01-27
|l 0
|r 2026-02-23 22:56:08
|w 2026-02-23
|
| 952 |
|
|
|a SNK
|b SNK
|y VYP
|7 0
|p 17A1563822
|o snkSD 93042 D1
|i snk2025/1158
|8 0
|0 0
|1 0
|4 0
|d 2025-01-27
|l 0
|r 2026-02-23 22:56:08
|w 2026-02-23
|